[Event "ICS rated blitz match"]
[Site "204.178.125.65"]
[Date "2000.05.08"]
[Round "?"]
[White "Hossa"]
[Black "JZInsomniac"]
[Result "1/2-1/2"]
[WhiteElo "2542"]
[BlackElo "2416"]
[PlyCount "143"]
[EventDate "2000.??.??"]

1. e4 c5 2. Nf3 d6 3. d4 cxd4 4. Nxd4 Nf6 5. Nc3 Nc6 6. Be3 Ng4 7. Bb5 Nxe3 8.
Nxc6 Nxd1 9. Nxd8+ Kxd8 10. Rxd1 e6 11. f4 g6 12. e5 Kc7 13. Ne4 d5 14. Ng5 Be7
15. h4 Kb6 16. Bd3 f6 17. exf6 Bxf6 18. c3 Bd7 19. Nf3 Be7 20. h5 gxh5 21. Rxh5
Raf8 22. Ne5 Be8 23. Rh6 Rf6 24. Rh4 h5 25. g3 Rff8 26. Rh1 h4 27. Bg6 hxg3 28.
Rxh8 Rxh8 29. Bxe8 Rxe8 30. Ke2 Rg8 31. Kf3 Bh4 32. Kg2 Kc7 33. Kh3 Bf6 34. Ng4
g2 35. Rg1 Be7 36. Rxg2 b5 37. Re2 Rh8+ 38. Kg2 Kd6 39. Re5 Rh4 40. Kg3 a5 41.
Re2 Rh8 42. Rh2 Rxh2 43. Kxh2 b4 44. cxb4 axb4 45. Ne5 d4 46. Kg2 Kc5 47. Kf3
Kd5 48. Nd7 Bd8 49. a3 bxa3 50. bxa3 Ba5 51. Nf6+ Kc4 52. Ne4 Bb6 53. Ke2 d3+
54. Kd2 Kd4 55. Ng5 Ba5+ 56. Kc1 Kd5 57. a4 Bc3 58. Nf7 Ke4 59. Ng5+ Kf5 60.
Nh3 Ba5 61. Kd1 Bb4 62. Nf2 d2 63. Nd3 Ba5 64. Nc5 Bc3 65. Nb3 Kxf4 66. a5 Bxa5
67. Nxa5 e5 68. Nc4 e4 69. Nb6 e3 70. Nc4 e2+ 71. Kxe2 d1=Q+ 72. Kxd1 1/2-1/2

[Event "ICS rated blitz match"]
[Site "204.178.125.65"]
[Date "2000.05.08"]
[Round "?"]
[White "selenita"]
[Black "Hossa"]
[Result "0-1"]
[WhiteElo "2025"]
[BlackElo "2536"]
[PlyCount "56"]
[EventDate "2000.??.??"]

1. c4 Nf6 2. Nc3 g6 3. g3 Nc6 4. Bg2 e5 5. d3 Bb4 6. e4 d6 7. Nge2 h5 8. O-O
Bg4 9. Bg5 Nd4 10. f3 Nxe2+ 11. Qxe2 Be6 12. Nd5 Bxd5 13. cxd5 Bc5+ 14. Be3
Bxe3+ 15. Qxe3 h4 16. f4 Ng4 17. Qe2 Nxh2 18. fxe5 Nxf1 19. Rxf1 dxe5 20. Qf2
Qe7 21. gxh4 Rxh4 22. d4 exd4 23. Qxd4 f5 24. Re1 g5 25. Qa4+ Kf7 26. Qb3 Qc5+
27. Re3 f4 28. d6+ Kf8 {selenita resigns} 0-1

[Event "ICS rated blitz match"]
[Site "204.178.125.65"]
[Date "2000.05.08"]
[Round "?"]
[White "Hossa"]
[Black "RusMafia"]
[Result "1-0"]
[WhiteElo "2542"]
[BlackElo "2019"]
[PlyCount "45"]
[EventDate "2000.??.??"]

1. e4 e5 2. Nf3 Nf6 3. Nxe5 d6 4. Nf3 Nxe4 5. d4 d5 6. Bd3 Nc6 7. O-O Be7 8. c4
Bg4 9. cxd5 Qxd5 10. Re1 Nf6 11. Nc3 Bxf3 12. Nxd5 Bxd1 13. Nxc7+ Kd7 14. Nxa8
Bg4 15. d5 Nb4 16. Bb5+ Kd8 17. Re5 Bd6 18. Rg5 a6 19. Bc4 b5 20. Bb3 Bc5 21.
Rxg7 Bh5 22. Bg5 Be7 23. d6 {RusMafia resigns} 1-0

[Event "ICS rated blitz match"]
[Site "204.178.125.65"]
[Date "2000.05.08"]
[Round "?"]
[White "RusMafia"]
[Black "Hossa"]
[Result "0-1"]
[WhiteElo "2017"]
[BlackElo "2544"]
[PlyCount "58"]
[EventDate "2000.??.??"]

1. d4 d5 2. c4 e6 3. Nc3 Nf6 4. Bg5 Be7 5. cxd5 exd5 6. e3 O-O 7. Bd3 Be6 8.
Qc2 g6 9. h4 Na6 10. a3 Re8 11. Bxf6 Bxf6 12. h5 Qd7 13. hxg6 fxg6 14. Nf3 Rab8
15. O-O-O b5 16. b4 Bg4 17. Rh2 Rf8 18. Rdh1 Rf7 19. Ne5 Bxe5 20. dxe5 Rg7 21.
f4 c6 22. Ne2 Bxe2 23. Qxe2 c5 24. g4 cxb4 25. f5 Qc7+ 26. Qc2 Qxe5 27. fxg6
Rc7 28. Rxh7 Rxc2+ 29. Bxc2 bxa3 {RusMafia resigns} 0-1

[Event "ICS rated blitz match"]
[Site "204.178.125.65"]
[Date "2000.05.08"]
[Round "?"]
[White "RusMafia"]
[Black "Hossa"]
[Result "0-1"]
[WhiteElo "1997"]
[BlackElo "2545"]
[PlyCount "32"]
[EventDate "2000.??.??"]

1. d4 Nf6 2. Nf3 e6 3. c4 b6 4. Nc3 d5 5. Bg5 dxc4 6. e4 Ba6 7. e5 h6 8. Bh4 g5
9. Nxg5 hxg5 10. Bxg5 Be7 11. exf6 Bxf6 12. Bxf6 Qxf6 13. Bxc4 Bxc4 14. Qa4+ b5
15. Nxb5 Bxb5 16. Qxb5+ Nd7 {RusMafia resigns} 0-1

[Event "ICS rated blitz match"]
[Site "204.178.125.65"]
[Date "2000.05.08"]
[Round "?"]
[White "Hossa"]
[Black "selenita"]
[Result "1-0"]
[WhiteElo "2546"]
[BlackElo "1965"]
[PlyCount "33"]
[EventDate "2000.??.??"]

1. e4 e5 2. Nf3 Nc6 3. Nc3 Nf6 4. Nxe5 Nxe5 5. d4 Nc6 6. d5 Ne5 7. f4 Ng6 8. e5
Bc5 9. exf6 Qxf6 10. Qe2+ Qe7 11. Qxe7+ Nxe7 12. Bd2 d6 13. O-O-O O-O 14. Re1
Re8 15. Bb5 c6 16. dxc6 bxc6 17. Bxc6 {selenita resigns} 1-0

[Event "ICS rated blitz match"]
[Site "204.178.125.65"]
[Date "2000.05.08"]
[Round "?"]
[White "selenita"]
[Black "Hossa"]
[Result "0-1"]
[WhiteElo "1964"]
[BlackElo "2547"]
[PlyCount "56"]
[EventDate "2000.??.??"]

1. c4 e5 2. Nc3 Nf6 3. g3 d5 4. cxd5 Nxd5 5. Bg2 Nb6 6. Nf3 Nc6 7. O-O Be7 8.
a3 O-O 9. b4 f6 10. b5 Nd4 11. e3 Nxf3+ 12. Bxf3 Rb8 13. a4 Be6 14. a5 Nd5 15.
Bb2 c6 16. d4 Nxc3 17. Bxc3 cxb5 18. a6 Qc7 19. Bb2 bxa6 20. Rxa6 Rb6 21. Qa1
Rxa6 22. Qxa6 Bc4 23. Ra1 Rd8 24. Qxa7 Bd6 25. dxe5 Bxe5 26. Bxe5 Qxe5 27. Qb6
Qxa1+ 28. Kg2 Qf1# {selenita checkmated} 0-1

[Event "ICS rated blitz match"]
[Site "204.178.125.65"]
[Date "2000.05.08"]
[Round "?"]
[White "selenita"]
[Black "Hossa"]
[Result "0-1"]
[WhiteElo "1962"]
[BlackElo "2549"]
[PlyCount "27"]
[EventDate "2000.??.??"]

1. c4 Nf6 2. g3 c6 3. Bg2 d5 4. Nf3 dxc4 5. O-O Nbd7 6. Na3 Nb6 7. Qc2 Be6 8.
Ng5 Bg4 9. Re1 Qd4 10. d3 cxd3 11. exd3 Rd8 12. h3 Bh5 13. Be3 Qxd3 14. Bxc6+ {
selenita resigns} 0-1

[Event "ICS rated standard match"]
[Site "204.178.125.65"]
[Date "2000.05.08"]
[Round "?"]
[White "Hossa"]
[Black "NukeChess"]
[Result "1-0"]
[WhiteElo "2336"]
[BlackElo "1999"]
[PlyCount "55"]
[EventDate "2000.??.??"]

1. e4 d6 2. d4 g6 3. Nc3 Bg7 4. Nf3 e6 5. Bg5 Ne7 6. e5 h6 7. Bb5+ Bd7 8. Bxe7
Qxe7 9. Bxd7+ Nxd7 10. exd6 cxd6 11. O-O O-O 12. Re1 d5 13. Nxd5 Qd6 14. Ne3
Rfd8 15. c3 e5 16. Nc4 Qe6 17. Nfxe5 Nxe5 18. Nxe5 Bxe5 19. Rxe5 Qxe5 20. dxe5
Rxd1+ 21. Rxd1 Re8 22. f4 g5 23. Rd7 gxf4 24. Rxb7 Rxe5 25. Rxa7 Re1+ 26. Kf2
Rb1 27. Ra8+ Kg7 28. Rb8 {NukeChess resigns} 1-0

[Event "ICS rated standard match"]
[Site "204.178.125.65"]
[Date "2000.05.08"]
[Round "?"]
[White "NukeChess"]
[Black "Hossa"]
[Result "0-1"]
[WhiteElo "1995"]
[BlackElo "2340"]
[PlyCount "36"]
[EventDate "2000.??.??"]

1. c4 e5 2. b3 Nf6 3. Bb2 Nc6 4. e3 Bc5 5. Bd3 d5 6. a3 d4 7. b4 Be7 8. e4 a6
9. Ne2 O-O 10. O-O Be6 11. f4 exf4 12. Nxf4 Ne5 13. Nxe6 fxe6 14. Qe2 Qd7 15.
b5 Nfg4 16. h3 Rxf1+ 17. Qxf1 Rf8 18. Qe2 Nf2 {NukeChess resigns} 0-1

[Event "ICS rated standard match"]
[Site "204.178.125.65"]
[Date "2000.05.08"]
[Round "?"]
[White "Hossa"]
[Black "NukeChess"]
[Result "1-0"]
[WhiteElo "2344"]
[BlackElo "1991"]
[PlyCount "24"]
[EventDate "2000.??.??"]

1. e4 d6 2. d4 c6 3. Nc3 g6 4. Nf3 Bg4 5. Bc4 e6 6. h3 Bxf3 7. Qxf3 Bg7 8. d5
cxd5 9. exd5 e5 10. Ne4 a6 11. Qa3 Ke7 12. Be3 f5 {NukeChess resigns} 1-0

[Event "ICS rated standard match"]
[Site "204.178.125.65"]
[Date "2000.05.08"]
[Round "?"]
[White "ORTEGA21"]
[Black "Hossa"]
[Result "0-1"]
[WhiteElo "2200"]
[BlackElo "2348"]
[PlyCount "24"]
[EventDate "2000.??.??"]

1. e4 e5 2. d4 exd4 3. Nf3 Bc5 4. Bc4 Nc6 5. Ng5 Nh6 6. Nxf7 Bb4+ 7. c3 Nxf7 8.
Bxf7+ Kxf7 9. Qh5+ g6 10. Qd5+ Ke8 11. cxb4 Nxb4 12. Qxd4 Nc2+ 0-1

[Event "ICS rated standard match"]
[Site "204.178.125.65"]
[Date "2000.05.08"]
[Round "?"]
[White "Hossa"]
[Black "vvp"]
[Result "1-0"]
[WhiteElo "2348"]
[BlackElo "2565"]
[PlyCount "141"]
[EventDate "2000.??.??"]

1. e4 e6 2. d4 d5 3. Nc3 Nf6 4. Bg5 Bb4 5. e5 h6 6. Bd2 Bxc3 7. bxc3 Ne4 8. Nf3
O-O 9. Bd3 c5 10. O-O Nc6 11. Re1 Nxd2 12. Qxd2 Qa5 13. Qe3 f6 14. exf6 Rxf6
15. dxc5 Bd7 16. c4 Re8 17. Rab1 Qc7 18. c3 Rd8 19. Rb2 Rb8 20. Ne5 Nxe5 21.
Qxe5 Qxe5 22. Rxe5 dxc4 23. Bxc4 Kf7 24. Re3 Bc6 25. Rd2 Re8 26. Rd6 g5 27. Re5
g4 28. Rd4 Rg8 29. a3 Rgg6 30. Bd3 Rg7 31. Be4 Bxe4 32. Rexe4 Rf5 33. Rd7+ Kg8
34. Rxg7+ Kxg7 35. Rxg4+ Kf6 36. Rc4 Rd5 37. h4 Rd1+ 38. Kh2 Rd2 39. Rb4 Ra2
40. a4 a5 41. Rxb7 Rxa4 42. Ra7 Rxh4+ 43. Kg3 Ra4 44. Kh3 Ke5 45. g4 Kd5 46.
Ra6 Ra3 47. Kh4 a4 48. Kh5 Kxc5 49. Kxh6 Kd5 50. g5 Rxc3 51. g6 Rh3+ 52. Kg5
Rh2 53. Rxa4 Rh8 54. g7 Rc8 55. Ra5+ Kd6 56. Kf6 e5 57. Rxe5 Rb8 58. f3 Rg8 59.
Re6+ Kd7 60. Kf7 Rxg7+ 61. Kxg7 Kxe6 62. Kg6 Ke5 63. Kg5 Ke6 64. f4 Ke7 65. Kg6
Kf8 66. Kf6 Ke8 67. Ke6 Kf8 68. f5 Ke8 69. f6 Kf8 70. f7 Kg7 71. Ke7 {
vvp resigns} 1-0

[Event "ICS rated blitz match"]
[Site "204.178.125.65"]
[Date "2000.05.08"]
[Round "?"]
[White "JohnnyWild"]
[Black "Hossa"]
[Result "1-0"]
[WhiteElo "2435"]
[BlackElo "2551"]
[PlyCount "87"]
[EventDate "2000.??.??"]

1. d4 d5 2. Bf4 c5 3. dxc5 Nf6 4. e3 Nc6 5. Bb5 e6 6. Bxc6+ bxc6 7. Qd4 Ne4 8.
Nd2 Nxc5 9. e4 f6 10. e5 Be7 11. Ngf3 O-O 12. exf6 gxf6 13. Bh6 e5 14. Qh4 Rf7
15. O-O-O Qa5 16. Qg3+ Kh8 17. a3 Bd7 18. Nh4 Qb5 19. Rhe1 Rb8 20. b3 Ne6 21.
Nb1 Nd4 22. Rd2 Qa5 23. Kb2 Nb5 24. a4 Nd6 25. Ka2 Qb4 26. Rde2 Ne4 27. Qd3
Nxf2 28. Qg3 Ne4 29. Qd3 Nc5 30. Qg3 Nxa4 31. Nf3 Qa5 32. Nxe5 Nb6+ 33. Na3
Qxa3+ 34. Kb1 fxe5 35. Qxe5+ Kg8 36. Qxb8+ Bf8 37. Bxf8 Rxf8 38. Qg3+ Kh8 39.
Re7 Qxe7 40. Rxe7 Rf1+ 41. Ka2 Bg4 42. Qe5+ Rf6 43. Qxf6+ Kg8 44. Qg7# {
Hossa checkmated} 1-0

[Event "ICS rated blitz match"]
[Site "204.178.125.65"]
[Date "2000.05.08"]
[Round "?"]
[White "jdh"]
[Black "Hossa"]
[Result "0-1"]
[WhiteElo "2020"]
[BlackElo "2530"]
[PlyCount "98"]
[EventDate "2000.??.??"]

1. e4 e5 2. Nf3 Nc6 3. Bb5 a6 4. Ba4 Nf6 5. O-O Be7 6. d4 exd4 7. e5 Ne4 8.
Nxd4 O-O 9. Nf5 d5 10. Nxe7+ Nxe7 11. c3 c6 12. Bc2 b6 13. Be3 Bf5 14. Nd2 Nxd2
15. Qxd2 Bxc2 16. Qxc2 Re8 17. f4 c5 18. Rad1 Qd7 19. f5 Nc6 20. f6 g6 21. Qf2
Nxe5 22. Qh4 Ng4 23. Bc1 b5 24. h3 Nxf6 25. Qxf6 Qe6 26. Bg5 Ra7 27. Qxe6 fxe6
28. Rf6 b4 29. Re1 bxc3 30. bxc3 Rae7 31. Bh6 Kh8 32. Ref1 Rg8 33. Rf8 Re8 34.
R8f7 g5 35. R1f6 d4 36. cxd4 cxd4 37. Rd7 e5 38. Rff7 Rg6 39. Rxh7+ Kg8 40.
Rhg7+ Rxg7 41. Rxg7+ Kh8 42. Rd7 Rg8 43. Re7 Rg6 44. Bf8 Kg8 45. Re8 Kf7 46.
Ra8 Rg8 47. Ra7+ Kxf8 48. Rxa6 Ke7 49. Rh6 Ra8 {jdh resigns} 0-1

[Event "ICS rated blitz match"]
[Site "204.178.125.65"]
[Date "2000.05.08"]
[Round "?"]
[White "Hossa"]
[Black "flytox"]
[Result "1-0"]
[WhiteElo "2532"]
[BlackElo "2020"]
[PlyCount "107"]
[EventDate "2000.??.??"]

1. e4 e6 2. d4 d5 3. Nc3 Nf6 4. Bg5 dxe4 5. Nxe4 Be7 6. Bxf6 gxf6 7. Nf3 f5 8.
Nc3 Bf6 9. Qd2 c5 10. d5 O-O 11. O-O-O e5 12. h4 Nd7 13. Bb5 a6 14. Bxd7 Bxd7
15. Ng5 b5 16. Kb1 b4 17. Ne2 Qb6 18. Ng3 Qd6 19. Nh5 Bh8 20. Rhe1 Rfe8 21. Ng3
a5 22. Ka1 c4 23. Nf3 a4 24. Qg5+ Qg6 25. Kb1 b3 26. Re2 h6 27. Qxg6+ fxg6 28.
h5 g5 29. Nd2 Rec8 30. c3 Rab8 31. Nf3 a3 32. bxa3 bxa2+ 33. Kxa2 Rb3 34. Rb1
Rxc3 35. Rb7 Rd8 36. Nxe5 Bxe5 37. Rxe5 Rc2+ 38. Rb2 Rxb2+ 39. Kxb2 Rb8+ 40.
Kc3 Rb3+ 41. Kxc4 Rxa3 42. Nxf5 Bxf5 43. Rxf5 Ra2 44. d6 Rc2+ 45. Kd5 Rd2+ 46.
Kc6 Rc2+ 47. Kd7 Kg7 48. g3 Kg8 49. f4 g4 50. Ke6 Rc3 51. d7 Re3+ 52. Re5 Rd3
53. Rd5 Re3+ 54. Kf6 {flytox resigns} 1-0

[Event "ICS rated blitz match"]
[Site "204.178.125.65"]
[Date "2000.05.08"]
[Round "?"]
[White "PostModernist"]
[Black "Hossa"]
[Result "1/2-1/2"]
[WhiteElo "2586"]
[BlackElo "2534"]
[PlyCount "337"]
[EventDate "2000.??.??"]

1. d4 Nf6 2. c4 e6 3. g3 Bb4+ 4. Nc3 Ne4 5. Qd3 d5 6. Nf3 Nd7 7. Nd2 Nxd2 8.
Bxd2 dxc4 9. Qxc4 a5 10. Bg2 O-O 11. Bf4 c5 12. dxc5 e5 13. Be3 Nxc5 14. Rd1
Qc7 15. Rd5 Qc6 16. O-O Nd7 17. Qd3 Bxc3 18. bxc3 Qc7 19. Rb5 Rb8 20. Rfb1 b6
21. Bh3 g6 22. Bxd7 Bxd7 23. Bxb6 Bxb5 24. Bxc7 Bxd3 25. Rxb8 Rxb8 26. Bxb8
Bxe2 27. Bxe5 Bc4 28. a4 Bb3 29. Bc7 Bxa4 30. f4 Bb3 31. Bxa5 h5 32. Kf2 Kf8
33. Ke3 Ke8 34. Kd4 Be6 35. c4 Kd7 36. Kc5 Kc8 37. Bc3 Kd8 38. Kb5 Kc7 39. Be5+
Kb7 40. Bf6 Bf5 41. Kc5 Be6 42. Be5 Kc8 43. Bd4 Kb8 44. Kb5 Kb7 45. Be5 Bd7+
46. Kc5 Be6 47. Bd6 Bd7 48. h4 Ba4 49. Be5 Bb3 50. Kd5 Ka7 51. Bd6 Kb6 52. Bb4
Kc7 53. Kc5 Kb7 54. Ba5 Kb8 55. Be1 Kc7 56. Bc3 Kb8 57. Ba5 Ba2 58. Kd5 Bb3 59.
Bb6 Kc8 60. Bc5 Kc7 61. Bd4 Bd1 62. Be3 Be2 63. Bf2 Bg4 64. c5 Be6+ 65. Ke5 Kd7
66. Be3 Kc7 67. Kf6 Kd8 68. f5 Bxf5 69. Kxf7 Kc7 70. Kf6 Kc6 71. Ke5 Bg4 72.
Kd4 Be6 73. Bh6 Bg8 74. Bg7 Ba2 75. Bf6 Bd5 76. Be7 Bf3 77. Ke5 Kd7 78. Bf8 Bd1
79. Bh6 Kc6 80. Kd4 Bf3 81. Bf4 Kb7 82. Ke3 Bg2 83. Bd6 Kc8 84. Kd4 Kd7 85. Ke5
Bf3 86. Bb8 Ke7 87. Bc7 Kd7 88. Ba5 Kc6 89. Bb4 Kd7 90. Kf6 Be4 91. Bc3 Kc7 92.
Ke5 Bc2 93. Bd2 Kd7 94. Bh6 Bb3 95. Bg5 Bd1 96. Bf4 Kc6 97. Kd4 Bf3 98. Be3 Kd7
99. Ke5 Bd1 100. Kf6 Bc2 101. Bf2 Bd3 102. Ke5 Bc4 103. Be3 Bb5 104. Bh6 Kc6
105. Kd4 Bf1 106. Be3 Bh3 107. Bf2 Kd7 108. Ke5 Bg4 109. Kf6 Bf5 110. Bg1 Be4
111. Bd4 Bb1 112. Ke5 Bc2 113. Bf2 Bb3 114. Kf6 Bc2 115. Be3 Bf5 116. Ke5 Kc6
117. Bf2 Kd7 118. g4 Bxg4 119. Kf6 Bf5 120. Be3 Kc6 121. Ke5 Bh3 122. Bg1 Bg2
123. Bf2 Bh3 124. Be3 Bg4 125. Kd4 Be6 126. Bh6 Bd5 127. Bd2 Bg2 128. Be3 Bf3
129. Bg5 Bg4 130. Be7 Bf5 131. Ke5 Kc7 132. Kd5 Kd7 133. Bg5 Be6+ 134. Ke5 Bb3
135. Kf6 Bc2 136. Be3 Bf5 137. Bg1 Bb1 138. Ke5 Kc6 139. Kd4 Bc2 140. Bf2 Bb1
141. Bg3 Bc2 142. Bf4 Bf5 143. Bh6 Bh3 144. Bg7 Bg4 145. Be5 Bf3 146. Bd6 Kd7
147. Ke5 Bd1 148. Bf8 Bf3 149. Bg7 Be2 150. Bf6 Bg4 151. Bg5 Bd1 152. Bf4 Kc6
153. Kd4 Bf3 154. Bb8 Be2 155. Bd6 Kd7 156. Bf8 Bd1 157. Bh6 Bf3 158. Kc4 Kc6
159. Bc1 Bd5+ 160. Kd4 Bg2 161. Bg5 Bf3 162. Be3 Be2 163. Bf2 Bg4 164. Be1 Bf3
165. Bg3 Kd7 166. Bb8 Ke7 167. Ke5 Kd7 168. Ba7 Ke7 169. Bb8 1/2-1/2

[Event "ICS Rated blitz match"]
[Site "204.178.125.65"]
[Date "2000.05.08"]
[Round "?"]
[White "flytox"]
[Black "Hossa"]
[Result "1/2-1/2"]
[WhiteElo "2055"]
[BlackElo "2536"]
[PlyCount "118"]
[EventDate "2000.??.??"]

1. e4 e5 2. Nf3 Nc6 3. Bb5 a6 4. Ba4 Nf6 5. O-O Be7 6. Re1 b5 7. Bb3 d6 8. c3
O-O 9. h3 Bb7 10. d3 a5 11. Nbd2 a4 12. Bc2 Re8 13. Nf1 d5 14. Ng3 dxe4 15.
dxe4 a3 16. b4 Qxd1 17. Rxd1 Red8 18. Rxd8+ Nxd8 19. Be3 Ne6 20. Rd1 Bd6 21.
Kf1 Bc6 22. Nd2 h5 23. f3 g6 24. Nb3 Bd7 25. Ne2 Be7 26. Nec1 h4 27. Nd3 Bd6
28. Ndc5 Bxc5 29. Nxc5 Nxc5 30. Bxc5 Be6 31. Bb1 Bc4+ 32. Kf2 Kg7 33. Rd2 g5
34. Ke3 Re8 35. Bd3 Bxd3 36. Rxd3 Nh5 37. Rd2 Nf4 38. Kf2 Ne6 39. Be3 Kf6 40.
Rd5 c6 41. Rd6 Rc8 42. Ke2 Ke7 43. Rd2 f6 44. Rd3 c5 45. bxc5 Nxc5 46. Bxc5+
Rxc5 47. Kd2 Rc4 48. Kc2 Rc7 49. Kb3 Kf7 50. Kxa3 Rc6 51. Kb3 Rb6 52. Rd5 Ke6
53. Kb4 Ra6 54. a3 Ra4+ 55. Kb3 Ra5 56. Kb4 Ra4+ 57. Kb3 Ra5 58. Kb4 Ra4+ 59.
Kb3 Ra5 1/2-1/2

[Event "ICS rated blitz match"]
[Site "204.178.125.65"]
[Date "2000.05.08"]
[Round "?"]
[White "WICKER-MAN"]
[Black "Hossa"]
[Result "0-1"]
[WhiteElo "2006"]
[BlackElo "2524"]
[PlyCount "56"]
[EventDate "2000.??.??"]

1. e4 e5 2. d4 exd4 3. c3 dxc3 4. Bc4 cxb2 5. Bxb2 d5 6. Bxd5 Nf6 7. Bxf7+ Kxf7
8. Qxd8 Bb4+ 9. Qd2 Bxd2+ 10. Nxd2 Re8 11. Ngf3 Nc6 12. O-O Bg4 13. e5 Nd5 14.
Ng5+ Kg6 15. f4 Rf8 16. g3 Ne3 17. Rfc1 Rfd8 18. Nde4 h6 19. Ne6 Bxe6 20. Nc5
Bd5 21. Kf2 Ng4+ 22. Kg1 b6 23. Na6 Rac8 24. a4 Bf3 25. Ba3 Rd2 26. Bd6 Rg2+
27. Kf1 Ne3+ 28. Ke1 Re2# 0-1

[Event "ICS rated blitz match"]
[Site "204.178.125.65"]
[Date "2000.05.08"]
[Round "?"]
[White "Hossa"]
[Black "WICKER-MAN"]
[Result "1-0"]
[WhiteElo "2526"]
[BlackElo "2004"]
[PlyCount "119"]
[EventDate "2000.??.??"]

1. e4 e5 2. Nf3 d6 3. d4 Nf6 4. Nc3 Nbd7 5. Bc4 Be7 6. O-O O-O 7. Qe2 c6 8. a4
Qc7 9. h3 b6 10. Rd1 a6 11. d5 Bb7 12. dxc6 Bxc6 13. Bg5 Nc5 14. Bxf6 Bxf6 15.
Bd5 Rac8 16. b4 Ne6 17. Qxa6 Bxd5 18. Nxd5 Qxc2 19. Qxb6 Rc6 20. Rac1 Qxc1 21.
Rxc1 Rxb6 22. Nxb6 h5 23. Ra1 Rb8 24. Nd5 Nd4 25. Nxd4 exd4 26. Rd1 Ra8 27. a5
Be5 28. f4 Bf6 29. Nxf6+ gxf6 30. Rxd4 Ra6 31. f5 Kf8 32. Rd1 Ke7 33. Ra1 Kd7
34. b5 Ra8 35. Kf2 Kc7 36. Kf3 Rb8 37. Rc1+ Kb7 38. Ke3 Ra8 39. Ra1 Re8 40. Kd4
Re5 41. Rb1 h4 42. Rb3 Rc5 43. Ke3 Rc1 44. a6+ Kb6 45. Kf4 Rf1+ 46. Kg4 Re1 47.
Rb4 Rg1 48. Rb2 Re1 49. Kf3 Rf1+ 50. Ke2 Rg1 51. Kf2 Rc1 52. Rb4 Ra1 53. Rb3
Ra2+ 54. Kf3 Rd2 55. Ra3 Rb2 56. a7 d5 57. a8=Q dxe4+ 58. Kxe4 Rb4+ 59. Kd5 Rc4
60. Qb8# 1-0

[Event "ICS rated blitz match"]
[Site "204.178.125.65"]
[Date "2000.05.08"]
[Round "?"]
[White "WICKER-MAN"]
[Black "Hossa"]
[Result "0-1"]
[WhiteElo "2002"]
[BlackElo "2528"]
[PlyCount "108"]
[EventDate "2000.??.??"]

1. e4 e5 2. Nf3 Nc6 3. Nc3 Nf6 4. Bc4 Bb4 5. O-O d6 6. d3 Bg4 7. Bg5 Bxf3 8.
Qxf3 Nd4 9. Qd1 Bxc3 10. bxc3 Ne6 11. Bxe6 fxe6 12. f4 exf4 13. Bxf4 O-O 14. e5
Nd5 15. Bd2 dxe5 16. Qe2 Qd6 17. c4 Nf4 18. Qe3 Qd4 19. Rae1 Ng6 20. c3 Rxf1+
21. Rxf1 Qxe3+ 22. Bxe3 Rd8 23. Rd1 e4 24. d4 Ne5 25. Bg5 Rd7 26. Rb1 Nf7 27.
Be3 b6 28. a4 Nd6 29. c5 Nc4 30. cxb6 Nxb6 31. a5 Nc4 32. Kf2 Rf7+ 33. Ke2 Nxa5
34. Ra1 Rf5 35. g4 Rb5 36. Bf4 c5 37. Ke3 cxd4+ 38. cxd4 g5 39. Bc7 Nc6 40.
Kxe4 Rb4 41. Be5 a5 42. Rc1 Rb6 43. Bc7 Ra6 44. Rc5 h6 45. h4 gxh4 46. g5 a4
47. gxh6 a3 48. Rg5+ Kh8 49. d5 exd5+ 50. Rxd5 Ra4+ 51. Kf5 Ne7+ 52. Kg5 Nxd5
53. Kg6 Nxc7 54. h7 a2 {WICKER-MAN resigns} 0-1

[Event "ICS Rated blitz match"]
[Site "204.178.125.65"]
[Date "2000.05.09"]
[Round "?"]
[White "Hossa"]
[Black "flytox"]
[Result "1-0"]
[WhiteElo "2529"]
[BlackElo "2065"]
[PlyCount "37"]
[EventDate "2000.??.??"]

1. c4 e5 2. Nc3 d6 3. Nf3 Nf6 4. d4 exd4 5. Nxd4 Nc6 6. Nxc6 bxc6 7. g3 g6 8.
Bg2 Bd7 9. O-O Qc8 10. Qd4 Bg7 11. Bg5 Qd8 12. Ne4 O-O 13. Bxf6 c5 14. Qc3 Bxf6
15. Nxf6+ Kg7 16. Nxd7+ f6 17. Nxf8 Qxf8 18. Bxa8 Qxa8 19. Qe3 {flytox resigns}
1-0

[Event "ICS Rated blitz match"]
[Site "204.178.125.65"]
[Date "2000.05.09"]
[Round "?"]
[White "flytox"]
[Black "Hossa"]
[Result "0-1"]
[WhiteElo "2063"]
[BlackElo "2531"]
[PlyCount "100"]
[EventDate "2000.??.??"]

1. e4 e5 2. Nf3 Nc6 3. Bb5 a6 4. Ba4 Nf6 5. O-O Be7 6. Re1 b5 7. Bb3 d6 8. c3
O-O 9. h3 Na5 10. Bc2 c5 11. d3 Be6 12. Nbd2 Nc6 13. Nf1 a5 14. Ng3 Qb6 15. Be3
d5 16. d4 Rad8 17. dxc5 Bxc5 18. Qe2 Bxe3 19. Qxe3 d4 20. cxd4 exd4 21. Qg5 Nb4
22. Bb3 Nd3 23. Re2 Bxb3 24. axb3 h6 25. Qd2 Nb4 26. Rd1 d3 27. Re3 Rfe8 28.
Ne1 Nd7 29. Rc1 Nc5 30. Rc3 Re7 31. Kh1 Rc7 32. f3 Qf6 33. Nf5 Qe6 34. Ng3 Rdd7
35. Nf5 Nxb3 36. Rxb3 Qxb3 37. e5 Qc4 38. Nd6 Qc1 39. Qxc1 Rxc1 40. Kh2 d2 41.
Nd3 d1=Q 42. Nxc1 Qxc1 43. Re4 Qxb2 44. Nxb5 Rd2 45. Rg4 Qxe5+ 46. Rg3 Qxb5 47.
h4 Nd3 48. Kh3 Qf5+ 49. Rg4 Nf4+ 50. Kg3 Rxg2# {flytox checkmated} 0-1

[Event "ICS rated blitz match"]
[Site "204.178.125.65"]
[Date "2000.05.09"]
[Round "?"]
[White "Hossa"]
[Black "PostModernist"]
[Result "1/2-1/2"]
[WhiteElo "2533"]
[BlackElo "2586"]
[PlyCount "176"]
[EventDate "2000.??.??"]

1. e4 c5 2. Nf3 d6 3. d4 Nf6 4. Nc3 cxd4 5. Nxd4 e6 6. g4 e5 7. Bb5+ Bd7 8.
Bxd7+ Qxd7 9. Nf5 h5 10. gxh5 Nxe4 11. Nxg7+ Bxg7 12. Nxe4 d5 13. h6 dxe4 14.
hxg7 Qxd1+ 15. Kxd1 Rg8 16. Rg1 Nc6 17. Be3 Ne7 18. Ke2 f6 19. Rg4 Nf5 20. Rag1
Kf7 21. Rxe4 Rxg7 22. Rxg7+ Kxg7 23. Rc4 Kg6 24. f3 Rh8 25. Rg4+ Kf7 26. Rg2
Nh4 27. Rf2 a6 28. h3 Nf5 29. Rh2 Rc8 30. c3 Ke6 31. h4 Rh8 32. Bf2 b5 33. b3
Rc8 34. Kd3 Rd8+ 35. Kc2 Rc8 36. Rh3 Rg8 37. Kd2 Rd8+ 38. Ke2 Rc8 39. Kd3 Rd8+
40. Ke2 Rc8 41. Be1 Ne7 42. Kd3 Nd5 43. Rh2 Rd8 44. Kc2 Ne3+ 45. Kb2 Nf1 46.
Rf2 Ng3 47. a4 Rd1 48. axb5 axb5 49. Rg2 Rxe1 50. Rxg3 Rh1 51. c4 bxc4 52. bxc4
Rxh4 53. Kc3 Kf5 54. Kd3 Kf4 55. Rg4+ Rxg4 56. fxg4 Kf3 57. c5 e4+ 58. Kd2 Kf2
59. c6 e3+ 60. Kc2 e2 61. c7 e1=Q 62. c8=Q Qe4+ 63. Kd2 Kg3 64. Qf5 Qxf5 65.
gxf5 Kf4 66. Ke2 Kxf5 67. Kf3 Kg5 68. Kg3 f5 69. Kf3 f4 70. Kf2 Kh4 71. Kf3 Kg5
72. Kf2 Kg4 73. Kg2 f3+ 74. Kf2 Kf4 75. Kf1 Kf5 76. Kf2 Kg5 77. Kf1 Kg4 78. Kf2
Kf4 79. Kf1 Ke3 80. Ke1 Kd3 81. Kf2 Ke4 82. Kf1 Kd4 83. Kf2 Ke4 84. Kf1 Kf4 85.
Kf2 Kg4 86. Kf1 Kg3 87. Kg1 f2+ 88. Kf1 Kf3 {Hossa stalemated} 1/2-1/2

[Event "ICS rated bullet match"]
[Site "204.178.125.65"]
[Date "2000.05.09"]
[Round "?"]
[White "Hossa"]
[Black "PostModernist"]
[Result "0-1"]
[WhiteElo "2299"]
[BlackElo "2561"]
[PlyCount "134"]
[EventDate "2000.??.??"]

1. e4 c6 2. d4 Na6 3. h4 Nc7 4. Nf3 d5 5. exd5 Nxd5 6. c4 Ndf6 7. Nc3 e6 8. Be2
Bd6 9. h5 Bd7 10. Be3 Ng4 11. Ne4 Be7 12. Bf4 N8f6 13. Nxf6+ Nxf6 14. h6 gxh6
15. Bxh6 Qb6 16. Bg7 Rg8 17. Bxf6 Qa5+ 18. Kf1 Bxf6 19. Rxh7 Qf5 20. Qb1 Qg4
21. Qd3 Qxg2+ 22. Ke1 Rh8 23. Rc1 Rxh7 24. Qxh7 Ke7 25. Qh5 Rh8 26. Qa5 Rh1+
27. Kd2 Rxc1 28. Kxc1 Qxf2 29. Qd2 Ke8 30. Qd3 Qg3 31. Qe4 Qg2 32. Qe3 Qg6 33.
Bd3 Qg3 34. Be4 Qg2 35. c5 b6 36. cxb6 axb6 37. Bc2 Be7 38. Bd1 c5 39. Kb1 Bc6
40. dxc5 Bxc5 41. Qf4 Qf1 42. Qb8+ Ke7 43. Kc2 Be4+ 44. Kd2 Qd3+ 45. Ke1 Qe3+
46. Be2 Qc1+ 47. Bd1 Bxf3 48. Qc7+ Kf6 49. Qd8+ Kg7 50. Qd3 Qxd1+ 51. Qxd1 Bxd1
52. Kxd1 Kf6 53. a3 Kf5 54. b4 Bd6 55. Ke2 Ke4 56. Kf2 f5 57. Ke2 f4 58. Ke1
Ke3 59. Kf1 b5 60. a4 bxa4 61. b5 a3 62. Kg2 a2 63. Kh2 f3+ 64. Kh3 a1=Q 65.
Kg4 Qg7+ 66. Kh4 Be7+ 67. Kh3 Qg2# {Hossa checkmated} 0-1